Form, structure and function in plants: Symposium held at the Sardar Patel University in October 27-29, 1975 (Record no. 36096)
[ view plain ]
| 000 -LEADER | |
|---|---|
| fixed length control field | 00599nam a2200193Ia 4500 |
| 082 ## - DEWEY DECIMAL CLASSIFICATION NUMBER | |
| Classification number | 581.412 |
| Item number | SHA |
| 245 #0 - TITLE STATEMENT | |
| Title | Form, structure and function in plants: Symposium held at the Sardar Patel University in October 27-29, 1975 |
| 260 ## - PUBLICATION, DISTRIBUTION, ETC. (IMPRINT) | |
| Place of publication | New Delhi |
| Name of publisher | Today & Tomorrow's |
| 490 ## - SERIES STATEMENT | |
| Series statement | Current trends in life sciences. V 3 |
| 650 ## - SUBJECT ADDED ENTRY--TOPICAL TERM | |
| Topical Term | Cucumismelo |
| 650 ## - SUBJECT ADDED ENTRY--TOPICAL TERM | |
| Topical Term | Fruit tissue |
| 650 ## - SUBJECT ADDED ENTRY--TOPICAL TERM | |
| Topical Term | In vitro propagation |
| 650 ## - SUBJECT ADDED ENTRY--TOPICAL TERM | |
| Topical Term | Morphogenesis |
| 650 ## - SUBJECT ADDED ENTRY--TOPICAL TERM | |
| Topical Term | Plant morphology |
| 650 ## - SUBJECT ADDED ENTRY--TOPICAL TERM | |
| Topical Term | Pollen germination |
| 700 ## - ADDED ENTRY--PERSONAL NAME | |
| Personal name | SHAH, J J |
| 942 ## - ADDED ENTRY ELEMENTS (KOHA) | |
| Koha item type | Books |
| Withdrawn status | Lost status | Damaged status | Not for loan | Home library | Current library | Date acquired | Full call number | Accession Number | Koha item type |
|---|---|---|---|---|---|---|---|---|---|
| RRII Library | RRII Library | 16/12/2021 | 581.412 SHA | 16509 | Books |